La République romaine : 133-44 av. J.-C. (notice n° 1949126)
[ vue normale ]
| 000 -LEADER | |
|---|---|
| fixed length control field | 01393cam a2200133 4500500 |
| 005 - DATE AND TIME OF LATEST TRANSACTION | |
| control field | 20260329031723.0 |
| 041 ## - LANGUAGE CODE | |
| Language code of text/sound track or separate title | fre |
| 042 ## - AUTHENTICATION CODE | |
| Authentication code | dc |
| 100 10 - MAIN ENTRY--PERSONAL NAME | |
| Personal name | Cels Saint-Hilaire, Janine |
| Relator term | author |
| 245 00 - TITLE STATEMENT | |
| Title | La République romaine : 133-44 av. J.-C. |
| 260 ## - PUBLICATION, DISTRIBUTION, ETC. | |
| Name of publisher, distributor, etc. | Armand Colin,<br/> |
| Date of publication, distribution, etc. | 2020.<br/> |
| 520 ## - SUMMARY, ETC. | |
| Summary, etc. | La période qui s'ouvre avec le tribunat de la plèbe de T. Gracchus en 133 a.C. et se ferme avec la mort de Jules César en 44 a.C. est caractérisée par d'intenses transformations dans tous les domaines : politique, économique, social, culturel ou idéologique. Elle marque également la fin de la République romaine. L'ouvrage peint ce moment charnière de l'histoire de Rome, quand disparaît un système où s’était affirmée l'autorité du Sénat et du Peuple romain sur la plus grande partie des pays méditerranéens. Après avoir conquis le monde, garanti la paix et la prospérité, la République est affaiblie par des luttes internes et les difficultés rencontrées par le peuple. Elle voit grandir le rôle des chefs militaires et, au début du Ier siècle, les imperatores s'affrontent en des combats qui offriront au vainqueur, César, un pouvoir toujours plus grand, vidant de leur sens les institutions républicaines et laissant la place au Principat. |
| 856 41 - ELECTRONIC LOCATION AND ACCESS | |
| Uniform Resource Identifier | <a href="https://shs.cairn.info/la-republique-romaine--9782200626891?lang=fr&redirect-ssocas=7080">https://shs.cairn.info/la-republique-romaine--9782200626891?lang=fr&redirect-ssocas=7080</a> |
Pas d'exemplaire disponible.




Réseaux sociaux